000 00597nam0a22002291 4500
001 rc\110913
005 20250620184416.0
035 _a(NLR Aleph) 005371367
090 _a7003718
_c7003718
100 _a20021216d1991 |||y0rusy50 ca
101 0 _arus
102 _aRU
105 _aa |||||||||
200 1 _aПознай себя
_fСост. К.В. Щеглов
210 _aМ.
_cМед. газ.
_d1991
215 _a64 с.
_cил.
_d21
702 1 _aЩеглов
_bК.В.
_4220
801 0 _aRU
_bNLR
_gpsbo
801 1 _aRU
_bELAR
_2rusmarc
852 _aNLR
_j91-4/10705
942 _cBOOK
980 _aNB